| 000 | 00722nam a2200217Ia 4500 | ||
|---|---|---|---|
| 001 | 12673 | ||
| 003 | GE_BSU | ||
| 008 | 181216s||||||||xx |||||||||||||| ||und|| | ||
| 020 | _a5100003618 | ||
| 040 | _cGE_BSU | ||
| 080 | _a631.6(075.32)+528(075.32) | ||
| 245 | _aСельскохозяйственная мелиорация и основы геодезии | ||
| 245 | _cПод.ред.Г.Н.Мартыненко | ||
| 260 | _aМосква | ||
| 260 | _bАгропромиздат | ||
| 260 | _c1988 | ||
| 300 | _a304стр. | ||
| 300 | _eПредметный указатель стр.300 | ||
| 653 | _aСельскохозяйственная мелиорация и основы геодезии | ||
| 942 | _cBK | ||
| 999 |
_c45844 _d45844 |
||